South atlantic zooplankton
Spremljeno u:
| Glavni autor: | |
|---|---|
| Format: | Knjiga |
| Jezik: | engleski |
| Izdano: |
Leiden
Backhuys
1999
|
| Teme: | |
| Oznake: |
Dodaj oznaku
Bez oznaka, Budi prvi tko označuje ovaj zapis!
|
MARC
| LEADER | 00000nam a2200000 a 4500 | ||
|---|---|---|---|
| 001 | UCO3859 | ||
| 003 | CL-VaPUC | ||
| 008 | 000728e19990000NE |||||||||||||||||eng|d | ||
| 082 | 0 | 4 | |a 592.092 |b BOL |2 21 |
| 100 | 0 | |a Boltovskoy, Demetrio |e author |9 447855 | |
| 245 | 1 | 0 | |a South atlantic zooplankton |
| 300 | |a v | ||
| 942 | |c BK | ||
| 945 | |d 20000728 00:00:00 |a vberengu | ||
| 260 | |a Leiden |b Backhuys |c 1999 | ||
| 650 | 0 | |a Biología marina |9 259965 | |
| 650 | 0 | |a Zooplancton |9 261816 | |
| 583 | |a last modification |c 20000728 00:00:00 |k Rodrigo Vera | ||
| 999 | |c 289987 |d 289985 | ||
| 952 | |0 0 |1 0 |4 0 |6 592_092000000000000_BOL_1999 |7 0 |8 CCM |9 339029 |a BIBCUR |b BIBCUR |d 2019-11-20 |h v.1 |i 3634817 |o 592.092 BOL 1999 |p 3634817 |r 2025-04-22 |w 2019-11-20 |y BK_X |k CIM | ||
| 952 | |0 0 |1 0 |4 0 |6 592_092000000000000_BOL_1999 |7 0 |8 CCM |9 339030 |a BIBCUR |b BIBCUR |d 2019-11-20 |h v.2 |i 3634825 |o 592.092 BOL 1999 |p 3634825 |r 2025-04-22 |w 2019-11-20 |y BK_X |k CIM | ||